|
|
|
|
| LEADER |
01025nam a2200265 a 4500 |
| 001 |
3599294 |
| 003 |
BD-DhAAL |
| 008 |
091118s1970 nyua b 000 0 eng d |
| 010 |
|
|
|a \\\70095540
|
| 020 |
|
|
|a 0393099199
|
| 040 |
|
|
|a DLC
|c DLC
|d DLC
|d BD-DhAAL
|
| 082 |
0 |
0 |
|a 338.5/024658
|2 19
|
| 245 |
1 |
0 |
|a Managerial economics and operations research;
|b a nonmathematical introduction /
|c Edwin Mansfield.
|
| 250 |
|
|
|a Rev. and expanded edition.
|
| 260 |
|
|
|a New York :
|b Norton,
|c 1970.
|
| 300 |
|
|
|a xii, 396 pages :
|b illustrations ;
|c 21 cm.
|
| 504 |
|
|
|a Includes bibliographical references.
|
| 541 |
1 |
|
|e 00000076
|
| 650 |
|
0 |
|a Managerial economics.
|
| 650 |
|
0 |
|a Operations research.
|
| 700 |
1 |
|
|a Mansfield, Edwin,
|e ed.
|
| 852 |
4 |
|
|a Ayesha Abed Library
|j General shelf
|
| 942 |
|
|
|2 ddc
|c BK
|
| 999 |
|
|
|c 5602
|d 5602
|
| 952 |
|
|
|0 0
|1 0
|2 ddc
|4 0
|6 338_502465800000000_MAN
|7 0
|9 5499
|a BRACUL
|b BRACUL
|c GEN
|d 2009-11-19
|g 282.00
|l 1
|m 13
|o 338.5024658 MAN
|p 3010000076
|r 2016-08-30
|s 2013-06-04
|t 1
|v 564.00
|w 2009-11-19
|y BK
|x Damaged declared on 17/12/2025
|